Special Educational Needs / The Basics (Record no. 6428)
[ view plain ]
| 000 -LEADER | |
|---|---|
| fixed length control field | 01275cam a22002054a 4500 |
| 005 - ΗΜΕΡΟΜΗΝΙΑ ΚΑΙ ΩΡΑ ΤΕΛΕΥΤΑΙΑΣ ΕΝΗΜΕΡΩΣΗΣ | |
| Πεδίο ελέγχου | 20250605164242.0 |
| 008 - FIXED-LENGTH DATA ELEMENTS--GENERAL INFORMATION | |
| Πεδίο ελέγχου σταθερού μήκους | 250528s ||||||||||||||||||||||||d |
| 035 ## - SYSTEM CONTROL NUMBER | |
| System control number | 21364 |
| 020 ## - ISBN | |
| ISBN | 9780415592246 |
| 040 ## - ΠΗΓΗ ΚΑΤΑΛΟΓΟΓΡΑΦΗΣΗΣ | |
| Φορέας πρωτότυπης καταλογογράφησης | MC Athens Campus Library |
| Γλώσσα καταλογογράφησης | Ελληνικά, Μοντέρνα (1453-) |
| Modifying agency | MC Athens Campus Library |
| Κανόνες περιγραφικής καταλογογράφησης | AACR2 |
| 245 1# - ΤΙΤΛΟΣ ΚΑΙ ΔΗΛΩΣΗ ΥΠΕΥΘΥΝΟΤΗΤΑΣ | |
| Τίτλος | Special Educational Needs / The Basics |
| 250 ## - EDITION STATEMENT | |
| Edition statement | 1st |
| 260 ## - PUBLICATION, DISTRIBUTION, ETC. | |
| Name of publisher, distributor, etc. | Rouledge, |
| Date of publication, distribution, etc. | 2012 |
| 300 ## - PHYSICAL DESCRIPTION | |
| Extent | 216 |
| 520 ## - SUMMARY, ETC. | |
| Summary, etc. | This well written introductory book offers trainee and experienced teachers a very useful and broad introduction to a complex field. Acknowledgements, Introduction, Models of Human Learning: Behaviorist and Constructivist and Eco-Systemic Approaches, Special Educational Needs: Evolution of the Field, Understanding and Addressing Difficulties in Communication and Interaction, Understanding and Addressing Difficulties in Cognition and Learning, Understanding and Addressing Difficulties in Behavior and Emotional and Social Development, Understanding and Addressing Sensory and/ or Physical Difficulties and Needs, Assessment and Planning for Children with Special Educational Needs, The Wider Children's Workforce Associated with Special Educational Needs Provision, References, Index. |
| 700 1# - ΠΡΟΣΘΕΤΗ ΑΝΑΓΡΑΦΗ--ΦΥΣΙΚΟ ΠΡΟΣΩΠΟ | |
| Personal name | Wearmouth Janice |
| 9 (RLIN) | 6725 |
| 942 ## - ADDED ENTRY ELEMENTS (KOHA) | |
| Koha item type | Books |
| Τύπος τεκμηρίου | Βιβλιοθήκη | Τρέχουσα τοποθεσία | Barcode | Αριθμός εισαγωγής | Ημερομηνία απόκτησης | Ταξιθετικό σύμβολο | Αριθμός αντιτύπου | Κατάσταση απόσυρσης | Κατάσταση χαμένου | Κατάσταση κατεστραμμένου | Μη δανεισμός | Σύνολο δανεισμών | Ημερομηνία τελευταίας εμφάνισης | Η τιμή ισχύει από |
|---|---|---|---|---|---|---|---|---|---|---|---|---|---|---|
| Books | MC Athens Campus Library | MC Athens Campus Library | 9780000064271 | 5611 | 05/06/2025 | 371.90941 WEA | 1 | 05/06/2025 | 05/06/2025 |